Odgadnij Państwo Europejskie Po Zdjęciu - Statystyki

Ogólne statystyki
  • Ten quiz został rozwiązany 69 razy
  • Średni wynik to 14 z 16
Statystyki odpowiedzi
Obrazkowy Odpowiedź % Poprawnych
francja
100%
polska
100%
wielka brytania
100%
wlochy
100%
niemcy
96%
portugalia
94%
bialorus
92%
irlandia
91%
rosja
91%
norwegia
89%
belgia
83%
grecja
83%
szwajcaria
81%
wegry
81%
holandia
68%
chorwacja
62%
Nie znaleziono quizów pasujących do podanych kryteriów
Rozkład punktacji
Procent ludzi z każdym wynikiem
Percentyl według liczby udzielonych odpowiedzi
Twoja historia wyników
Nie rozwiązałeś tego quizu